Регионална библиотека "Любен Каравелов" - Русе

Die Neuislandischen Volksmarchen (Запис номер 343805)

MARC детайли
000 -Лидер
Контролно поле с фиксирана дължина 01128nam a2200313 c 4500
003 - Код на организацията, давaща контролен номер
Контролно поле BLK
005 - Дата и час на последна редакция
Контролно поле 20191001135418.0
008 - Елементи от данни с фиксирана дължина
fixed length control field 180911b bul|||||r ||||||| ||bul||
010 ## - Наследен системен номер
LC control number 003466
040 ## - Източник на каталожния запис
Идентификатор на билиотеката - собственик на записа BLK
041 ## - Код за език
Код за езика на текст/звукозапис или на отделно заглавие Немски
Код за езика КДБФ Български
080 ## - УДК
УДК - код + определител 839.59-34
100 1# - Редна дума - Автор
Автор RITTERSHAUS, Adeline
Авторска отговорност първи автор
R(LIN) 397727
245 00 - Сведения за заглавието
Заглавие Die Neuislandischen Volksmarchen
246 ## - Различни форми на заглавието
Паралелно заглавие Ein Beitrag zur vergleichen Marchenforschung
Наименование на поредна част от произведението епос-народни приказки
260 ## - Област на издателските данни
Място на издаване, разпространение и проч. Halle a. S.
Име на издателя, разпространителя и проч. Max Niemeyer
Година на издаване 1902
300 ## - Физическа характеристика
Страници L, 458 с
Размери/Мащаб 24 см
380 ## - Жанр
Жанр Литературознание
490 ## - СЕРИИ (Колекции)
Име на серия Частна колекция - Академик Михаил Арнаудов
Бележки за серията Дарение - Основен фонд
500 ## - Общи забележки
Забележка ; Датиране на книгата : Lpz. 22. III. 04.; ; подпис;
653 ## - Ключова дума – ненормативна
Ключова дума епос
653 ## - Ключова дума – ненормативна
Ключова дума народни приказки
655 ## - Ключова дума – жанр/разновидност
Данни за жанр/разновидност или ключова дума за фокус исландска литература
700 1# - Други автори (авторска отговорност)
Лично име Adeline Rittershaus
9 (RLIN) 397729
852 ## - Местоположение
Форматна сигнатура МА 1016
999 ## - СИСТЕМНИ КОНТРОЛНИ НОМЕРА
Koha biblionumber 343805
Koha biblioitemnumber 343805
942 ## - АРТИКУЛИ
Вид на библиотечния материал Книги
Скрит в OPAC Не
Периодичен библиозапис Да
944 ## - СЪЗДАВАНЕ И РЕДАКЦИЯ на ЗАПИСА
Създаване/Редакция Създаване
Дата на регистрацията/редакция 1996
Служител, извършил регистрацията/редакцията ValK
999 ## - СИСТЕМНИ КОНТРОЛНИ НОМЕРА
Koha biblioitemnumber 343805
Наличности
Код за отписване Код за изгубен артикул Източник на класификационната схема Код за повреда Коз за рестрикции Код за отдаване Артикулен № Име на библиотеката - собственик Име на библиотеката, в която се намира в момента Статус (Текущо местоположение) Местоположение - отдел Цена в лева Номерация (Хронология) Инвентарен номер Систематично азбучна сигнатура Баркод Номер на екземпляра Цена в евро Служебен тип на артикула
  Не е изгубен Universal Decimal Classification Не е повреден без рестрикции Специални фондове ( старопечатни, редки и ценни, фонд М. Арнаудов) 744099 Регионална библиотека "Любен Каравелов" Русе Регионална библиотека "Любен Каравелов" Русе Фонд "Михаил Арнаудов" Фонд "Михаил Арнаудов" 20.00   588228 МА 1016 120000588228 1 10.23 Книги
Vip Innovations Ltd, Rousse, Bulgaria 2025